Durability of rubberwood (Record no. 57430)

MARC details
000 -LEADER
fixed length control field 00353nam a2200145Ia 4500
100 ## - MAIN ENTRY--AUTHOR NAME
Personal name Hong L T
245 #0 - TITLE STATEMENT
Title Durability of rubberwood
260 ## - PUBLICATION, DISTRIBUTION, ETC. (IMPRINT)
Name of publisher Rubberwood: Processing and utilization
Year of publication 1994
300 ## - PHYSICAL DESCRIPTION
Number of Pages 37-49
650 ## - SUBJECT ADDED ENTRY--TOPICAL TERM
Topical Term Rubberwood
700 ## - ADDED ENTRY--PERSONAL NAME
Personal name Ho Y F
700 ## - ADDED ENTRY--PERSONAL NAME
Personal name Wong A H H
942 ## - ADDED ENTRY ELEMENTS (KOHA)
Koha item type Journals
Holdings
Withdrawn status Lost status Damaged status Not for loan Home library Current library Shelving location Date acquired Koha item type
      Journals RRII Library RRII Library Rubber general 17/12/2021 Journals